The price of liberty : (Record no. 131295)

MARC details
000 -LEADER
fixed length control field 00704nam a22002297a 4500
005 - DATE AND TIME OF LATEST TRANSACTION
control field 20170124110125.0
010 ## - LIBRARY OF CONGRESS CONTROL NUMBER
LC control number A-235833
020 ## - INTERNATIONAL STANDARD BOOK NUMBER
Terms of availability 00.00
035 ## - SYSTEM CONTROL NUMBER
System control number A-235833
037 ## - SOURCE OF ACQUISITION
Source of stock number/acquisition Cen Lib/Ret
040 ## - CATALOGING SOURCE
Original cataloging agency DPL
Language of cataloging EN
082 ## - DEWEY DECIMAL CLASSIFICATION NUMBER
Classification number 958.1
Item number QAS
100 ## - MAIN ENTRY--PERSONAL NAME
Personal name Qasim Reshtia , Sayed
9 (RLIN) 31404
245 ## - TITLE STATEMENT
Title The price of liberty :
Statement of responsibility, etc by Sayed Qasim Reshtia
Remainder of title the tragedy of Afghanistan /
260 ## - PUBLICATION, DISTRIBUTION, ETC. (IMPRINT)
Place of publication, distribution, etc Delhi
Name of publisher, distributor, etc Gyan Publications
Date of publication, distribution, etc 2004
270 ## - ADDRESS
Address D-28, Oxford Apartments
City Delhi
Postal code 110092
300 ## - PHYSICAL DESCRIPTION
Extent 141p.
Dimensions 20cm(Hb)
500 ## - GENERAL NOTE
General note Includes index
650 ## - SUBJECT ADDED ENTRY--TOPICAL TERM
Topical term or geographic name as entry element Afghanistan
9 (RLIN) 27147
650 ## - SUBJECT ADDED ENTRY--TOPICAL TERM
Topical term or geographic name as entry element Soviet Occupation of Afghanistan (1979-1989)
9 (RLIN) 92292
942 ## - ADDED ENTRY ELEMENTS (KOHA)
Source of classification or shelving scheme Dewey Decimal Classification
Koha item type English Books
Classification part 958.1
Call number suffix QAS
Holdings
Withdrawn status Lost status Damaged status Not for loan Home library Current library Date acquired Source of acquisition Cost, normal purchase price Total Checkouts Full call number Barcode Date last seen Copy number Cost, replacement price Price effective from Koha item type
        Central Library Central Library 14/07/2015 Cen Lib/Ret 0.00   958.1 QAS A-235833 14/07/2015 1 0.00 14/07/2015 English Books

© Delhi Public Library
Hit Counter
free hit counter